000 00693cab a2200229 4500
001 WB3317-30
008 090401t1997 xxu||||| |||| 00| 0 eng d
035 _a(Sirsi) u78058
041 _aeng
245 _aHong Kong`s property boom faces collapse
260 _c1997
350 _a0
490 _aSunday Times
_v27 April 1997, 8(1)
520 _aHong Kong`s residential property market is likely to see a turn for the worse when the handover to China takes place on 1 July, according to local analysis.
650 _aCHINA
650 _aHONG KONG
650 _aHOUSING MARKET
650 _aPROSPECTS
690 _aOVERSEAS-REST OF THE WORLD
942 _n0
948 _c29/04/1997
999 _c49112
_d49112